Russian life in town and country
Guardado en:
| Autor principal: | |
|---|---|
| Formato: | Libro |
| Lenguaje: | inglés |
| Publicado: |
Nueva York
Putnam
1901
|
| Colección: | Our European Neighbours
|
| Materias: | |
| Etiquetas: |
Agregar Etiqueta
Sin Etiquetas, Sea el primero en etiquetar este registro!
|
MARC
| LEADER | 00000nam a2200000 a 4500 | ||
|---|---|---|---|
| 001 | UCO1699 | ||
| 003 | CL-VaPUC | ||
| 008 | 000519e19010000US |||||||||||||||||eng|d | ||
| 082 | 0 | 4 | |a 947 |b PAL |2 21 |
| 100 | |a Palmer, Francis H. |e author |9 444151 | ||
| 245 | 1 | 0 | |a Russian life in town and country |
| 300 | |a 320 p | ||
| 942 | |c BK | ||
| 945 | |d 20000519 00:00:00 |a rherrera | ||
| 260 | |a Nueva York |b Putnam |c 1901 | ||
| 650 | 0 | |a Vida cotidiana |9 322355 | |
| 650 | 0 | |a Geografía |9 259346 | |
| 650 | 0 | |a Vida rural |9 373430 | |
| 650 | 0 | |a Vida urbana |9 369125 | |
| 650 | 0 | |a Clases sociales |9 256858 | |
| 650 | 0 | |a Industrias |9 263688 | |
| 651 | 0 | |a Rusia |9 256106 | |
| 583 | |a last modification |c 20000519 00:00:00 |k Rodrigo Vera | ||
| 490 | 0 | |a Our European Neighbours | |
| 999 | |c 288303 |d 288301 | ||
| 952 | |0 0 |1 0 |4 0 |6 947_000000000000000_PAL_1901 |7 0 |8 X |9 335887 |a BIBHIS |b BIBHIS |d 2019-11-20 |i 1282646 |o 947 PAL 1901 |p 1282646 |r 2024-01-30 |w 2019-11-20 |y BK_X |k HIS | ||